| 000 | 00402nam a2200157Ia 4500 | ||
|---|---|---|---|
| 008 | 230711s9999||||xx |||||||||||||| ||und|| | ||
| 041 | _aENG | ||
| 082 |
_a621 _bFR-D |
||
| 100 | _aFreeman,Henry G | ||
| 245 | 0 | _aDictionary of technical concepts as defined in DIN standards | |
| 250 | _a1st . Ed. | ||
| 260 |
_c1993 _aBerlin _bBeuth Verlag Gmbh |
||
| 300 | _a1287 | ||
| 650 | _aLiterature | ||
| 942 | _cBK | ||
| 999 |
_c2426 _d2426 |
||